| 000 | 00583nam a2200145 a 4500 | ||
|---|---|---|---|
| 008 | 120416s0000 ||||||||||||||||| || u | ||
| 020 | _a0813906032 | ||
| 050 | _aE 332.2 Nic | ||
| 100 | _aNichols, Frederick Doveton | ||
| 245 | 1 | 0 | _aThomas Jefferson, landscape architecture |
| 246 | _aFrederick Doveton Nichols [and others] | ||
| 260 |
_aCharlottesville _bUniversity Press of Virginia _c1978 |
||
| 350 | _a0.00 | ||
| 995 |
_D0.00 _FCBU-MAIN LIBRARY (Kitwe) _H1 _I0.00 _M1 _UAVAILABLE _WOct 11, 2006 _ZMain Library Open Access Collection |
||
| 999 |
_c59865 _d59865 |
||